00663nam a2200229 a 4500001001300000003000900013005001700022008004100039020002300080082001600103100001700119245003000136260004300166300000900209500003500218650001400253700001700267902000800284942000700292952011700299999001700416nice12345678IN_TiNIC20260116014746.0070413s2003 lona grp 000 0 eng  a1904292283 c49500a158.12bGFO aGeorge, Milk aLearn to Find Inner Peace aLondonbDuncan Baird Publishers c2003 a160p aincludes index and biblioraphy aMediation1 aGeorge, Milk bSRS cBK 001040708StackRoom-aHMIbHMId2011-05-19g495.00l0o158.12 GFOp021609r2011-05-19v495.00w2007-04-13yBK c16812d16812